| 000 | 00889nam a22002297a 4500 | ||
|---|---|---|---|
| 999 |
_c141083 _d141083 |
||
| 005 | 20230628105711.0 | ||
| 010 | _a1718EN-30 ENG-118633 ENG-137190 | ||
| 020 |
_a9789385606083 _c300.00 |
||
| 035 | _aEN-102165 EN-120722 | ||
| 035 | _aB-686199-200 | ||
| 037 | _bAsian | ||
| 037 | _bDBAD/PUB | ||
| 082 | _a891.439871 | ||
| 100 | _aChughtai, Ismat | ||
| 245 |
_aThe three innocents and ors. _bchughtai on childhood / _cby Ismat Chughtai; translated by Tahira Naqvi |
||
| 260 |
_aNew Delhi _bWomen Unlimited _c2017 |
||
| 270 | _a7/10, First Floor, Sarvapriya Vihar New Delhi-110016 | ||
| 300 |
_aix,139p _c22cm.(pbk) |
||
| 700 | _aNaqvi, Tahira | ||
| 942 |
_2ddc _cEN _h891.439871 _mCHU |
||